000 00771nam a2200253 4500
001 6922
003 BD-RjUL
005 20211208234335.0
008 140112r20011969maua b 001 0 eng d
020 _a8185015554
035 _a(BD-RjUL) 6964
040 _aDLC
_cDLC
_dDLC
_d(BD-RjUL)
_beng
041 _aeng
082 0 0 _a511.5
_bHAG
100 1 _aHarary, Frank.
_921713
245 0 0 _aGraph theory :
_bwith a foreword and an Appendix on the Four Colour /
_cHarary, Frank.
260 _aReading, Mass.,
_bAddison-Wesley Pub. Co.
_c[1969] [Reprent 2001]
300 _aix, 286 p.
_billus.
_c24 cm.
490 0 _aAddison-Wesley series in mathematics
504 _aBibliography: p. [237]-262.
650 0 _aGraph theory.
_91101
942 _2ddc
_cBK
999 _c6922
_d6922